Estimating trade flows: trading partners and trading volumes (Record no. 78298)

000 -LEADER
fixed length control field 00455pab a2200181 454500
008 - FIXED-LENGTH DATA ELEMENTS--GENERAL INFORMATION
fixed length control field 180718b2008 xxu||||| |||| 00| 0 eng d
100 ## - MAIN ENTRY--PERSONAL NAME
Personal name Helpman, Elhanan
245 ## - TITLE STATEMENT
Title Estimating trade flows: trading partners and trading volumes
260 ## - PUBLICATION, DISTRIBUTION, ETC.
Date of publication, distribution, etc. 2008
300 ## - PHYSICAL DESCRIPTION
Extent p.441-87.
362 ## - DATES OF PUBLICATION AND/OR SEQUENTIAL DESIGNATION
Dates of publication and/or sequential designation May
650 ## - SUBJECT ADDED ENTRY--TOPICAL TERM
Topical term or geographic name entry element Trade
700 ## - ADDED ENTRY--PERSONAL NAME
Personal name Rubinstein, Yona
700 ## - ADDED ENTRY--PERSONAL NAME
Personal name Melitz, Marc
773 ## - HOST ITEM ENTRY
Main entry heading Quarterly Journal of Economics
908 ## - PUT COMMAND PARAMETER (RLIN)
Put command parameter N
909 ## -
-- 78298
Holdings
Withdrawn status Lost status Damaged status Not for loan Permanent Location Current Location Date acquired Serial Enumeration / chronology Barcode Date last seen Price effective from Koha item type
        Indian Institute of Public Administration Indian Institute of Public Administration 2018-07-19 Volume no: 123, Issue no: 2 AR78758 2018-07-19 2018-07-19 Articles

Powered by Koha